| 000 | 01518nam a2200241 4500 | ||
|---|---|---|---|
| 001 | 6131 | ||
| 010 | _a9789898681164 | ||
| 021 | _b448214/18 | ||
| 090 | _a6131 | ||
| 100 | _a20260226d2018 de|y0pory50030103ba | ||
| 200 | 1 |
_aNinguém é igual a ninguém! _fSusana Amorim _gil. Raquel Pinheiro |
|
| 210 | 9 |
_aCascais _cCERCICA - Cooperativa para a Educação e Reabilitação de Cidadãos Inadaptados de Cascais _d2018 |
|
| 215 |
_a47, [3] p. _cil. |
||
| 225 | 2 |
_aTodos a ler _v5 |
|
| 330 | _aNa turma do Rui todos são diferentes. Há quem aprenda mais devagar, quem corra muito rápido, uns são mais tímidos e outros bastante faladores… A verdade é que cada um deles é único, e todos têm algo especial! Descobre-os nesta história e pensa tu também: Em que és especial? Para te ajudar na descoberta de ti próprio e dos outros, explora o DVD que acompanha este livro. De uma forma divertida, vais aprender um pouco mais sobre características físicas e psicológicas, que é como quem diz: como somos por fora e por dentro! A forma como és é o que te faz ser único e especial. Lembra-te que as tuas diferenças, não têm nada de mal! Gosta de ti como és, da cabeça até aos pés. Ninguém é igual a ninguém, E ainda bem! | ||
| 606 |
_929 _aPublicação para crianças |
||
| 675 |
_a087.5 _vBN _zpor |
||
| 675 |
_a159.923(0.053.5) _vBN _zpor |
||
| 700 |
_95811 _aAmorim _bSusana _f1976- |
||
| 702 |
_aPinheiro _bRaquel _f1976- _95715 |
||
| 801 | 0 |
_aPT _bBMVN _gRPC |
|
| 830 |
_cInês Silva _d26-02-2026 |
||
| 990 | _cLIVROS | ||